Srbsko

Srbsko - fyzicko-geografická charakteristika. História a priestorový vývoj Srbska. Obyvateľstvo a demografické štruktúry. Srbská ekonomika - z bodu mrazu na výslnie regiónu. Slováci vo Vojvodine

Guardado en:
Detalles Bibliográficos
Autor principal: Novotný, Ladislav
Formato: Capítulo de libro
Lenguaje:eslovaco
Materias:
Etiquetas: Agregar Etiqueta
Sin Etiquetas, Sea el primero en etiquetar este registro!

MARC

LEADER 00000naa$a2200000$$$4500
001 0085413
005 20231127085046.0
041 0 |a slo 
044 |a SK 
245 1 0 |a Srbsko  |c Ladislav Novotný 
520 |a Srbsko - fyzicko-geografická charakteristika. História a priestorový vývoj Srbska. Obyvateľstvo a demografické štruktúry. Srbská ekonomika - z bodu mrazu na výslnie regiónu. Slováci vo Vojvodine 
610 2 0 |a Srbsko 
610 2 0 |a informácie geografické 
610 2 0 |a geografia 
610 2 0 |a história 
610 2 0 |a obyvateľstvo 
610 2 0 |a hospodárstvo národné 
100 1 |a Novotný, Ladislav